export_success — 

Super pages good for businesses multi - info edition 2012.

Bibliographic Details
Format: Book
Published: Kuala Lumpur: CBSA Media, 2012.
Subjects:
LEADER 00658cam a2200181 7i4500
001 0000027840
005 20120611090000.0
090 0 0 |a M 338.7025   |b SUP 
245 0 0 |a Super pages good for businesses multi - info edition 2012. 
260 0 0 |a Kuala Lumpur:   |b CBSA Media,   |c 2012. 
300 # # |a 868 p. 
650 0 0 |a Business --   |x Directories --   |z Malaysia  
650 0 0 |a Hotels --   |x Directories --   |z Malaysia  
650 0 0 |a Machinery --   |x Directories --   |z Malaysia  
650 0 0 |a Automotive --   |x Directories --   |z Malaysia  
650 0 0 |a Transportation --   |x Directories --   |z Malaysia  
651 0 0 |a Malaysia  
999 |a 0000030379  |b Directories  |c Malaysia  |e Business Information Centre